Statistics for Countries by Google Description #2

Click here to take the quiz!

General Stats

  • This quiz has been taken 27 times
  • The average score is 6 of 10

Answer Stats

QuestionAnswer% Correct
The largest country in both South America and Latin America. At 8.5 million square kilometers and with over 214 million people, it is the world's fifth-largest country by area and the seventh most populous.Brazil
96%
A city-state surrounded by Rome, Italy, is the headquarters of the Roman Catholic Church. It's home to the Pope and a trove of iconic art and architecture.Vatican City
96%
An East Asian nation on the southern half of the Korean Peninsula, shares one of the world’s most heavily militarized borders with North Korea.South Korea
93%
A transcontinental country located mainly on the Anatolian Peninsula in Western Asia, with a small portion on the Balkan Peninsula in Southeast Europe.Turkey
89%
A landlocked country in West Africa. It is the eighth-largest country in Africa, with an area of over 1,240,000 square kilometres.Mali
63%
A landlocked country in Central Europe. Its capital is bisected by the Danube River.Hungary
52%
A mountainous landlocked country in Central Asia.Kyrgyzstan
37%
A nation of hundreds of islands in the South Pacific, it has many WWII-era sites.Solomon Islands
26%
A Central American country with Caribbean Sea coastlines to the north and the Pacific Ocean to the south.Honduras
22%
A landlocked country of rugged terrain and diverse wildlife, with many parks and safari areas.Zambia
19%

Score Distribution

Percentile by Number Answered

Percent of People with Each Score

Your Score History

You have not taken this quiz